000 00580nam a2200193Ia 4500
003 GCL
008 140319s9999 xx 000 0 ara d
040 _aGCL /
_cGCL
082 0 4 _a346.07
_bا ب
100 1 _aاحمد حسنى
245 1 0 _aالبيوع البحرية /
_cاحمد حسنى
260 _a[S.N] :
_bمنشاة المعارف الاسلامية ،
_c1983
300 _a613 ص
490 _aالكتب القانونية
_v0
650 0 4 _aالقانون
650 0 4 _aالقانون البحرى
650 0 4 _aالقانون التجارى
942 _2ddc
_cBK
999 _c32071
_d32071